| 000 | 00000nas##2200000za#4500 |
| 001 | 9.508404 |
| 003 | CaOODSP |
| 005 | 20241203113633 |
| 007 | ta |
| 008 | 150406c1998||||xxc|| p #||||f| |0eng|d |
| 022 | |a1480-3801 |
| 040 | |aCaOODSP|beng |
| 041 | |aeng |
| 041 | |afre |
| 043 | |an-cn--- |
| 086 | 1 |aEn1-28/1 |
| 110 | 1 |aCanada. |bEnvironment Canada. |
| 245 | 10|aScience and the environment bulletin |
| 260 | |aOttawa - Ontario : |bEnvironment Canada |
| 310 | |aBimonthly |
| 362 | 1 |aNov./Dec. 1997 -- March/April, 2003 |
| 500 | |a"Will provide important and timely information on issues such as climate change, smog, nature and toxics."--Page 1. |
| 500 | |aRunning title: Connecting Canadians with their environment. |
| 520 | 3 |aWill provide important and timely information on issues such as climate change, smog, nature and toxics.--Page 1 |
| 563 | |aSoftcover |
| 690 | 07|aEnvironment|2gcpds |
| 690 | 07|aSciences|2gcpds |
| 776 | 0#|tBulletin science et environnement |w(CaOODSP)9.501439 |
| 776 | 0#|tScience and the environment bulletin |w(CaOODSP)9.505040 |
| 792 | |tScience et environnement, bulletin |efre|w(CaOODSP)9.508405 |